000 00260nam a2200109Ia 4500
008 240625s9999 xx 000 0 und d
041 _aeng
082 _a828 KIY
100 _aKIYOSAKI ROBERT T
245 _aRICH DAD S BEFORE YOU QUIT YOUR JOB
365 _cRS
_b5
999 _c32863
_d32863